<?xml version="1.0" encoding="UTF-8"?>
<record
    xmlns:xsi="http://www.w3.org/2001/XMLSchema-instance"
    xsi:schemaLocation="http://www.loc.gov/MARC21/slim http://www.loc.gov/standards/marcxml/schema/MARC21slim.xsd"
    xmlns="http://www.loc.gov/MARC21/slim">

  <leader>00516nam a22001457a 4500</leader>
  <datafield tag="020" ind1=" " ind2=" ">
    <subfield code="a">0-02-313090-3</subfield>
  </datafield>
  <datafield tag="082" ind1=" " ind2=" ">
    <subfield code="a">658.5 BOW'L </subfield>
  </datafield>
  <datafield tag="100" ind1=" " ind2=" ">
    <subfield code="a">HELFERICK, DMAR K  ,CLOSS, DAVID J ,BOWERSOX, DONALD J</subfield>
    <subfield code="9">62242</subfield>
  </datafield>
  <datafield tag="245" ind1=" " ind2=" ">
    <subfield code="a">LOGISTICAL MANAGEMENT ,A SYSTEM INTEGRATION OF PHYSICAL DISTRIBUTION MANUFACTURING SUPPORT AND MATERIALS PROCUREMENT</subfield>
  </datafield>
  <datafield tag="250" ind1=" " ind2=" ">
    <subfield code="a">3RD</subfield>
  </datafield>
  <datafield tag="260" ind1=" " ind2=" ">
    <subfield code="a">NEWYORK </subfield>
    <subfield code="b">MACMILLAN</subfield>
    <subfield code="c">1986</subfield>
  </datafield>
  <datafield tag="300" ind1=" " ind2=" ">
    <subfield code="a">586P </subfield>
  </datafield>
  <datafield tag="650" ind1=" " ind2=" ">
    <subfield code="a">MATERIALS MANAGEMENT PHYSICAL DISTRIBUTION OF GOODS MANAGEMENT</subfield>
    <subfield code="9">62243</subfield>
  </datafield>
  <datafield tag="942" ind1=" " ind2=" ">
    <subfield code="c">BK</subfield>
  </datafield>
  <datafield tag="999" ind1=" " ind2=" ">
    <subfield code="c">571412</subfield>
    <subfield code="d">571412</subfield>
  </datafield>
  <datafield tag="952" ind1=" " ind2=" ">
    <subfield code="0">0</subfield>
    <subfield code="1">0</subfield>
    <subfield code="4">0</subfield>
    <subfield code="7">0</subfield>
    <subfield code="a">CEME</subfield>
    <subfield code="b">CEME</subfield>
    <subfield code="c">GEN</subfield>
    <subfield code="d">2017-07-23</subfield>
    <subfield code="l">0</subfield>
    <subfield code="o">658.5 BOW'L</subfield>
    <subfield code="p">CEME-25485</subfield>
    <subfield code="r">2021-06-28</subfield>
    <subfield code="w">2021-06-28</subfield>
    <subfield code="y">BK</subfield>
  </datafield>
  <datafield tag="952" ind1=" " ind2=" ">
    <subfield code="0">0</subfield>
    <subfield code="1">0</subfield>
    <subfield code="4">0</subfield>
    <subfield code="7">0</subfield>
    <subfield code="a">CEME</subfield>
    <subfield code="b">CEME</subfield>
    <subfield code="c">NEW</subfield>
    <subfield code="d">2017-07-23</subfield>
    <subfield code="l">0</subfield>
    <subfield code="o">658.5 BOW'L</subfield>
    <subfield code="p">CEME-25486</subfield>
    <subfield code="r">2021-06-28</subfield>
    <subfield code="w">2021-06-28</subfield>
    <subfield code="y">BK</subfield>
  </datafield>
</record>
